000 00538nam a22001697a 4500
003 OSt
005 20240926234111.0
008 240926b |||||||| |||| 00| 0 eng d
040 _c0
082 _aDPer 050 R22 2000 January-May 2023 v123 no. 719-723
100 _aFairweather, Hannah.
_eauthor.
_961708
245 _aLaughter /
_cHannah Fairweather.
260 _aTaipei ;
_bReader's Digest Asia,
_cApril 2023.
300 _aVolume 123, pages 56-57 ,
_billustration.
700 _aFairweather, Hannah.
_eauthor.
_961708
942 _2ddc
_cPER
999 _c21932
_d21932